Logo Biblioteca

Desafíos para una Educación Emancipadora (Registro nro. 392)

Detalles MARC
000 -LEADER
fixed length control field 00750nam a22002537a 4500
003 - CONTROL NUMBER IDENTIFIER
control field OSt
005 - DATE AND TIME OF LATEST TRANSACTION
control field 20241121111444.0
008 - FIXED-LENGTH DATA ELEMENTS--GENERAL INFORMATION
fixed length control field 241121s2019 ag ||||| |||| 00| 0 spa d
020 ## - INTERNATIONAL STANDARD BOOK NUMBER
International Standard Book Number 9789871026791
040 ## - CATALOGING SOURCE
Transcribing agency besoc
100 ## - MAIN ENTRY--PERSONAL NAME
Personal name Núñez, Pedro
Relator term autor
245 ## - TITLE STATEMENT
Title Desafíos para una Educación Emancipadora
Statement of responsibility, etc. Pedro Núñez
260 ## - PUBLICATION, DISTRIBUTION, ETC.
Place of publication, distribution, etc. Santa Fe:
Name of publisher, distributor, etc. Santa Fe Educación
Date of publication, distribution, etc. 2019
700 ## - ADDED ENTRY--PERSONAL NAME
Personal name Skliar, Carlos
Relator term autor
700 ## - ADDED ENTRY--PERSONAL NAME
Personal name Morgade, Graciela
Relator term autor
700 ## - ADDED ENTRY--PERSONAL NAME
Personal name Dubet, François
Relator term autor
700 ## - ADDED ENTRY--PERSONAL NAME
Personal name Bogado, Gabriela
Relator term autor
700 ## - ADDED ENTRY--PERSONAL NAME
Personal name Gerlero, Carina
Relator term autor
700 ## - ADDED ENTRY--PERSONAL NAME
Personal name Gurvich, Diego
Relator term autor
700 ## - ADDED ENTRY--PERSONAL NAME
Personal name Litichever, Lucia
Relator term autor
700 ## - ADDED ENTRY--PERSONAL NAME
Personal name Baggiolini, Luis
Relator term autor
700 ## - ADDED ENTRY--PERSONAL NAME
Personal name Uljens Michael
Relator term autor
942 ## - ADDED ENTRY ELEMENTS (KOHA)
Source of classification or shelving scheme Universal Decimal Classification
Koha item type Obra General
Suppress in OPAC No
Existencias
Withdrawn status Lost status Source of classification or shelving scheme Damaged status Not for loan Collection Home library Current library Date acquired Total checkouts Barcode Date last seen Price effective from Koha item type
    Universal Decimal Classification     Colección General Biblioteca Escuela de Ciencias Sociales Biblioteca Escuela de Ciencias Sociales 21/11/2024   273 21/11/2024 21/11/2024 Obra General
Biblioteca de la Escuela Preuniversitaria en Ciencias Sociales y Humanísticas.
Riobamba 250 bis.
CP 2000 - Rosario - Santa Fe
E-Mail: biblioteca@esociales.unr.edu.ar